Elements of physics, Vol I / (Record no. 2031)
[ view plain ]
| 000 -LEADER | |
|---|---|
| fixed length control field | 00518cam a2200205ua 4500 |
| 020 ## - INTERNATIONAL STANDARD BOOK NUMBER | |
| ISBN | 81-224-0373-5 |
| 041 ## - LANGUAGE CODE | |
| Language code of text/sound track or separate title | eng |
| 082 ## - DEWEY DECIMAL CLASSIFICATION NUMBER | |
| Classification number | 530 |
| Item number | CHA/EL |
| 100 ## - MAIN ENTRY--AUTHOR NAME | |
| Personal name | Chattopadhyay, D . |
| 245 ## - TITLE STATEMENT | |
| Title | Elements of physics, Vol I / |
| 250 ## - EDITION STATEMENT | |
| Edition statement | 2 / |
| 260 ## - PUBLICATION, DISTRIBUTION, ETC. (IMPRINT) | |
| Place of publication | : |
| Name of publisher | New Age International Ltd , |
| Year of publication | 1997. |
| 300 ## - PHYSICAL DESCRIPTION | |
| Number of Pages | 506 ; . |
| 700 1# - ADDED ENTRY--PERSONAL NAME | |
| Personal name | Rakshit, P.C . |
| 942 ## - ADDED ENTRY ELEMENTS (KOHA) | |
| Koha item type | Books |
| Withdrawn status | Lost status | Damaged status | Home library | Current library | Date acquired | Full call number | Accession Number | Koha item type |
|---|---|---|---|---|---|---|---|---|
| KAUAET | KAUAET | 07/04/2012 | 530 CHA/EL | 19984 | Books | |||
| KAUAET | KAUAET | 07/04/2012 | 530 CHA/EL | 20419 | Books |
